000 00545nam a2200181Ia 4500
008 100917s9999 xx 000 0 und d
082 _b51848
100 _aबापट दिवाकर
245 _aअशी घेतली झंुज
260 _bअरगडे प्रकाशन
_c1972
300 _a84
365 _b3
520 _aबालविभाग
630 _aअशी घेतली झंुज
650 _aबालविभाग
730 _aअशी घेतली झंुज
942 _cBOOK
999 _c657242
_d657239